000
00284nam a22001217a 4500
008
170330b xxu||||| |||| 00| 0 eng d
041
_a
eng
080
_a
616-053.2
100
_a
8
101
_a
SHM
245
_a
RECOGNIZABLE PATTERNS OF HUMAN DELFORMATION
_c
SMITH.A
942
_2
udc
_c
BK
999
_c
9141
_d
9141